000 01142cam a2200337 a 4500
001 4801539
003 OSt
005 20250826115853.0
008 880504s1969 ilua b 000 0 eng
010 _a 88016162
020 _a0256037442 :
020 _a9780256037449
020 _a9780256071177
035 _a4801539
040 _aMMSU
_cULS
050 0 0 _aHQ 1410 M63 1989
245 0 0 _aModern American women :
_ba documentary history /
_c[compiled by] Susan Ware.
260 _aChicago, Ill. :
_bDorsey Press,
_cc1989.
300 _axv, 468 pages. :
_billustration ;
_c22 cm.
336 _atext
_btxt
_2rdacontent
337 _aunmediated
_bn
_2rdamedia
338 _avolume
_bnc
_2rdacarrier
504 _aIncludes bibliographies.
650 0 _aWomen
_zUnited States
_xHistory
_y20th century
_xSources.
650 0 _aFeminism
_zUnited States
_xHistory
_y20th century
_xSources.
650 0 _aWomen social reformers
_zUnited States
_xHistory
_xSources.
700 1 _aWare, Susan,
_d1950-
906 _a7
_bcbc
_corignew
_d1
_eocip
_f19
_gy-gencatlg
942 _2lcc
_cBK
999 _c26897
_d26897